Taller: discusión para un código de ética profesional del defensor

Sparad:
Bibliografiska uppgifter
Materialtyp: Bok
Språk:spanska
Publicerad: Santiago Colegio de Abogados Penal Internacional 2003
Ämnen:
Taggar: Lägg till en tagg
Inga taggar, Lägg till första taggen!

MARC

LEADER 00000nam a2200000 a 4500
001 UCI4769
003 CL-VaPUC
008 080229e20030000CL |||||||||||||||||spa|d
082 0 4 |a 345.8305  |b TAL  |2 21 
245 1 0 |a Taller: discusión para un código de ética profesional del defensor 
300 |a Pág irreg 
942 |c BK 
945 |d 20080229 00:00:00  |a jtorresc 
260 |a Santiago  |b Colegio de Abogados Penal Internacional  |c 2003 
650 7 |a DEFENSOR PUBLICO  |2 CL-VaPUC  |9 482254 
650 0 |a Asistencia judicial   |9 254864 
650 0 |a Procedimiento civil  |9 254870 
650 0 |a Etica profesional   |9 255694 
650 7 |a ETICA DEL ABOGADO  |2 CL-VaPUC  |9 431599 
650 7 |a ODEONTOLOGIA  |2 CL-VaPUC  |9 526798 
583 |a last modification  |c 20080229 00:00:00  |k Rodrigo Vera 
999 |c 328615  |d 328613 
952 |0 0  |1 0  |2 ddc  |4 0  |6 345_830500000000000_TAL_2003  |7 0  |8 A  |9 412671  |a BIBDER  |b BIBDER  |d 2019-11-22  |i 4409868  |o 345.8305 TAL 2003  |p 4409868  |r 2023-01-25  |w 2019-11-22  |y MX  |k DER